IMMS' general textbook of entomology. 2V: V2-Classification and biology (Record no. 176864)

MARC details
000 -LEADER
fixed length control field 00435nam a2200157Ia 4500
008 - FIXED-LENGTH DATA ELEMENTS--GENERAL INFORMATION
fixed length control field 230917s9999||||xx |||||||||||||| ||und||
040 ## - CATALOGING SOURCE
-- 213010
Original cataloging agency VIVEKANANDA LIBRARY
041 ## - Language
-- English
082 ## - DDC NUMBER
Classification number 595.7 R392I(10)
100 ## - MAIN ENTRY--PERSONAL NAME
Personal name Richards, O W
245 #0 - TITLE STATEMENT
Title IMMS' general textbook of entomology. 2V: V2-Classification and biology
250 ## - EDITION STATEMENT
Edition statement 10th ed.
260 ## - PUBLICATION, DISTRIBUTION, ETC. (IMPRINT)
Place of publication, distribution, etc New Delhi
Name of publisher, distributor, etc Springer(India)
Date of publication, distribution, etc 2013
300 ## - PHYSICAL DESCRIPTION
Pages viii, 418 p.
942 ## - ADDED ENTRY ELEMENTS (KOHA)
Koha item type Books
Holdings
Withdrawn status Lost status Damaged status Not for loan Location (home branch) Sublocation or collection (holding branch) Date acquired Koha issues (times borrowed) Koha full call number Accession No. Koha date last seen Koha item type
        VIVEKANANDA LIBRARY VIVEKANANDA LIBRARY 02/12/2013   595.7 R392I(10) 334193 17/09/2023 Books
© Designed and Maintained by Vivekananda Library, MDU Rohtak